| 000 | 00690nam a2200145Ia 4500 | ||
|---|---|---|---|
| 008 | 100204s9999 xx 000 0 und d | ||
| 082 | _b19881 | ||
| 100 | _aनायक कृ. मा./ आसखेडकर | ||
| 245 | _aयंत्रावजारे आणि मापणशास्त्र भाग 2 | ||
| 260 |
_bमहाराष्ट्र ग्रंथ निर्मिती मंडळ पुणे _c1979 |
||
| 300 | _a206 | ||
| 630 | _aयंत्रावजारे आणि मापणशास्त्र भाग 2 | ||
| 730 | _aयंत्रावजारे आणि मापणशास्त्र भाग 2 | ||
| 942 | _cBOOK | ||
| 999 |
_c464303 _d464300 |
||